| 000 | 00000nam 2200000za 4500 |
| 001 | 9.569399 |
| 003 | CaOODSP |
| 005 | 20210624181742 |
| 007 | cr ||||||||||| |
| 008 | 150406|1995||||xxc|||||o f|0| 0 eng d |
| 040 | |aCaOODSP|beng |
| 043 | |an-cn--- |
| 086 | 1 |aNH18-1/42-1995E-PDF |
| 110 | 2 |aCanada Mortgage and Housing Corporation. |
| 245 | 10|aMonitoring of cavity humidity levels at Canada Life Building |h[electronic resource] |
| 260 | |aOttawa - Ontario : |bCanada Mortgage and Housing Corporation |c[1995]. |
| 300 | |a36p.|bfigs., graphs |
| 490 | 1 |aResearch report |
| 590 | |a11-05-Supp|b2011-03-15 |
| 775 | 08|tContrôle des taux d'humidité de la cavité de l'immeuble de la Canada Vie |w(CaOODSP)9.835710 |
| 830 | #0|aResearch report (Canada Mortgage and Housing Corporation : Online)|w(CaOODSP)9.506068 |
| 856 | 40|ahttp://publications.gc.ca|qPDF|s2.5 MB|uhttps://publications.gc.ca/collections/collection_2011/schl-cmhc/nh18-1/NH18-1-42-1995-eng.pdf |